Poesía chilena

Kaydedildi:
Detaylı Bibliyografya
Yazar: Concha, Jaime (Yazar)
Materyal Türü: Kitap
Dil:İspanyolca
Baskı/Yayın Bilgisi: Santiago Quimantú 1973
Konular:
Etiketler: Etiketle
Etiket eklenmemiş, İlk siz ekleyin!

MARC

LEADER 00000nam a2200000 a 4500
001 UCQ6518
003 CL-VaPUC
008 981016e19730000CL |||||||||||||||||spa|d
082 0 4 |a Ch861  |b CON  |2 21 
100 0 |a Concha, Jaime  |e author  |9 420420 
245 1 0 |a Poesía chilena 
300 |a 92 p 
942 |c BK 
945 |d 19981016 00:00:00  |a crobeson 
260 |a Santiago  |b Quimantú  |c 1973 
650 0 |a Poesía chilena   |9 268403 
650 0 |a Literatura chilena   |9 308278 
650 0 |a Historia y crítica   |9 257407 
583 |a last modification  |c 19981016 00:00:00  |k Rodrigo Vera 
999 |c 276470  |d 276468 
952 |0 0  |1 0  |4 0  |6 CH_861_000000000000000_CON_1973  |7 0  |8 A  |9 313719  |a BIBEDU  |b BIBEDU  |d 2019-11-20  |i 1482645  |o Ch861 CON 1973  |p 1482645  |r 2019-11-20  |w 2019-11-20  |y BK  |k LIT